000 00636nam a2200277Ia 4500
005 20260324145634.0
008 008 260324s9999 xx 000 0 eng d
020 _a9781351111317
037 _aEBOOK
040 _aCRL
040 _beng
040 _cCRL
041 _2eng
041 _aeng
084 _qCRL
100 _aAlan Pilbeam
_91223670
245 0 _aLocal Projects in A-Level Geography
260 _bTaylor and Francis
260 _c1980
365 _a
365 _b170
856 _uhttp://www.taylorfrancis.com/books/9781351111317
942 _cEBOOK
999 _c1831853
_d1831853